आज की कविता का अनिकेत कवि / (Record no. 112552)

MARC details
000 -LEADER
fixed length control field 01310nam a22002657a 4500
005 - DATE AND TIME OF LATEST TRANSACTION
control field 20170124102940.0
010 ## - LIBRARY OF CONGRESS CONTROL NUMBER
LC control number B-067904
020 ## - INTERNATIONAL STANDARD BOOK NUMBER
Terms of availability 250.00
International Standard Book Number 8179650197
035 ## - SYSTEM CONTROL NUMBER
System control number B-067904
037 ## - SOURCE OF ACQUISITION
Source of stock number/acquisition Cen Lib/Ret
040 ## - CATALOGING SOURCE
Original cataloging agency DPL
Language of cataloging HN
082 ## - DEWEY DECIMAL CLASSIFICATION NUMBER
Classification number 821.08
Item number इन्द्ररा
100 ## - MAIN ENTRY--PERSONAL NAME
Personal name इन्द्रराज सिंह
9 (RLIN) 48153
245 ## - TITLE STATEMENT
Title आज की कविता का अनिकेत कवि /
Statement of responsibility, etc इन्द्राराज सिंह [और] चन्द्रकिरण अंग्नीहोत्री
246 ## - VARYING FORM OF TITLE
Title proper/short title Aaj ki kavita ka aniket kavi /
Remainder of title by Indraraj Singh [aur] Chandra Kiran Agnihotri
260 ## - PUBLICATION, DISTRIBUTION, ETC. (IMPRINT)
Place of publication, distribution, etc नयी दिल्ली
Name of publisher, distributor, etc तक्षशिला प्रकाशन
Date of publication, distribution, etc 2002
270 ## - ADDRESS
Address 23/4761, अंसारी रोड, दरिया गंज
City नयी दिल्ली
Postal code 110002
300 ## - PHYSICAL DESCRIPTION
Extent x, 176पृ.
Dimensions 21सेमी (सजिल्द)
650 ## - SUBJECT ADDED ENTRY--TOPICAL TERM
Topical term or geographic name as entry element हिन्दी साहित्य
9 (RLIN) 48154
650 ## - SUBJECT ADDED ENTRY--TOPICAL TERM
Topical term or geographic name as entry element हिन्दी कविताएं
9 (RLIN) 48155
650 ## - SUBJECT ADDED ENTRY--TOPICAL TERM
Topical term or geographic name as entry element Hindi literature
9 (RLIN) 48156
650 ## - SUBJECT ADDED ENTRY--TOPICAL TERM
Topical term or geographic name as entry element Hindi poems
9 (RLIN) 48157
700 ## - ADDED ENTRY--PERSONAL NAME
Personal name अंग्नीहोत्री, चन्द्रकिरण
9 (RLIN) 48152
942 ## - ADDED ENTRY ELEMENTS (KOHA)
Source of classification or shelving scheme Dewey Decimal Classification
Koha item type Hindi Books
Classification part 821.08
Call number suffix इन्द्ररा
Holdings
Withdrawn status Lost status Damaged status Not for loan Home library Current library Date acquired Source of acquisition Cost, normal purchase price Total Checkouts Full call number Barcode Date last seen Copy number Cost, replacement price Price effective from Koha item type
        Central Library Central Library 08/08/2015 Cen Lib/Ret 250.00   821.08 इन्द्ररा B-067904 08/08/2015 1 250.00 08/08/2015 Hindi Books

© Delhi Public Library
Hit Counter
free hit counter